Analfabetismo femenino en el Chile de los 90

Salvato in:
Dettagli Bibliografici
Autore principale: Letelier G., María Eugenia (Autore)
Natura: Libro
Lingua:spagnolo
Pubblicazione: Santiago UNESCO 1996
Santiago UNICEF 1996
Soggetti:
Tags: Aggiungi Tag
Nessun Tag, puoi essere il primo ad aggiungerne!!

MARC

LEADER 00000nam a2200000 a 4500
001 UCG1833
003 CL-VaPUC
008 100520e19960000CL |||||||||||||||||spa|d
082 0 4 |a 302.224  |b LET  |2 21 
100 |a Letelier G., María Eugenia  |e author  |9 484414 
245 1 0 |a Analfabetismo femenino en el Chile de los 90 
300 |a 171 p 
942 |c BK 
945 |d 20100520 00:00:00  |a dcastane 
260 |a Santiago  |b UNESCO  |c 1996 
260 |a Santiago  |b UNICEF  |c 1996 
650 0 |a Analfabetismo  |9 324360 
650 0 |a Analfabetos  |9 338926 
650 0 |a Alfabetización   |9 310435 
650 7 |a MUJERES ANALFABETAS  |2 CL-VaPUC  |9 549890 
650 0 |a Problemas sociales  |9 258537 
650 7 |a DESFAVORECIDOS EDUCACIONALES  |2 CL-VaPUC  |9 522279 
650 0 |a Educación de adultos  |9 307580 
583 |a last modification  |c 20130326 10:13:24  |k Rodrigo Vera 
999 |c 341092  |d 341090 
952 |0 0  |1 0  |4 0  |6 302_224000000000000_LET_1996_1996  |7 0  |8 A  |9 436368  |a BIBEDU  |b BIBEDU  |d 2019-11-22  |i 467765K  |o 302.224 LET 1996 1996  |p 467765K  |r 2019-11-22  |w 2019-11-22  |y BK  |k EPE